000
00273nmm a2200097Ia 4500
008
220120s9999||||xx |||||||||||||||||und||
020
_a
0-07-049940-3
100
_a
CHIP magazine
245
0
_a
July 2011: Power tools, red hot, full games, game demos, lin
260
_b
New Delhi
999
_c
139690
_d
139690